00424nam a22001457a 450000500170000001000130001702000230003003500130005303700220006608200130008824500600010126000380016127000610019930000180026020120706165030.0 aB-477803 a8131100081c700.00 aB-477803 adplbK .K.Pub/ven a891.4414 aRabindra Nath Tagorecedited by Shiv Gajrani and S. Ram aNew DelhibCommonwealth Pubc2011 a4831/24 Prahlad Street Ansari Road Darya GanjbNew Delhi av, 286pc23cm